000
00317nam a2200133Ia 4500
005
20251222153552.0
008
251222s9999||||xx |||||||||||||| ||spa||
082
_a
985.093/P34
100
_a
Pease Garcia, Henry
245
0
_a
EL Ocaso del Poder Oligárquico:
250
_a
3ra. ed.
264
_b
DESCO
942
_c
LIB
999
_c
30882
_d
30882